000 00379nam a22001337a 4500
005 20260313124702.0
008 260313b |||||||| |||| 00| 0 eng d
040 _cFLL
041 _2eng
_aeng
100 _aKhatri, Ipshita
_91132000
245 _aImplications of Emerging Technologies on Intellectual Property Rights
260 _aDU
_bFaculty of Law
_c2024
942 _2CC
_cDIS
999 _c1715348
_d1715348